Mindset secrets for winning : how to bring personal power to everything you do : business, sports & life / Mark Minervini. (Record no. 22412)
| 000 -LEADER | |
|---|---|
| fixed length control field | 01894nam a22001697a 4500 |
| 020 ## - INTERNATIONAL STANDARD BOOK NUMBER | |
| ISBN | 9780996307963 |
| 082 ## - DEWEY DECIMAL CLASSIFICATION NUMBER | |
| Classification number | 158.1 |
| Item number | M664m 2019 |
| 100 ## - MAIN ENTRY--AUTHOR NAME | |
| Personal name | Minervini, Mark, author. |
| 245 ## - TITLE STATEMENT | |
| Title | Mindset secrets for winning : how to bring personal power to everything you do : business, sports & life / Mark Minervini. |
| 250 ## - EDITION STATEMENT | |
| Edition statement | Expanded Edition. |
| 260 ## - PUBLICATION, DISTRIBUTION, ETC. (IMPRINT) | |
| Place of publication | United States of America : |
| Name of publisher | Access Publishing Group, |
| Year of publication | 2019. |
| 300 ## - PHYSICAL DESCRIPTION | |
| Number of Pages | 1 online resource : |
| Other physical details | illustrations. |
| 520 ## - SUMMARY, ETC. | |
| Summary, etc | Mark Minervini shares his time-tested approach for bringing your personal best to everything you do. Whether you are in business, stock trading, sports, or even training for the Olympics, Mindset Secrets for Winning reveals everything you need to know to perform at the highest level, and succeed at realizing your dreams. Mark shares his "secret" Empowerment Principles that propelled him from a junior-high school dropout to a multimillionaire Wall Street sensation. His incredible journey is one of the most amazing success stories in America. Inside this book, Mark reveals the technology and tools that you can use immediately to CREATE YOUR OWN SUCCESS and ACHIEVE YOUR GOALS. Transform your thinking with strategies used by world-class athletes and coaches, elite performers in business, and exceptional winners from all around the world. Develop a winning mindset and ACE EVERY CHALLENGE! Inspiration, knowledge and real-life experience - everything is here in the ultimate personal empowerment guide to human excellence. Mark Minervini is one of America's most successful stock traders. He's a former U.S. Investing Champion and the author of the international best-sellers Trade Like a Stock Market Wizard and Think and Trade Like a Champion. Mark's journey from rags-to-riches is a remarkable and inspiring success story. |
| 650 ## - SUBJECT ADDED ENTRY--TOPICAL TERM | |
| Topical Term | Psychology. |
| 650 ## - SUBJECT ADDED ENTRY--TOPICAL TERM | |
| Topical Term | Personal Growth. |
| 942 ## - ADDED ENTRY ELEMENTS (KOHA) | |
| Koha item type | Electronic Books |
| Source of acquisition | Permanent Location | Date acquired | Collection code | Koha item type | Lost status | Shelving location | Withdrawn status | Current Location | Full call number |
|---|---|---|---|---|---|---|---|---|---|
| Donation | Cagayan State University - Carig Library | 2026-04-14 | E-Books | Books | E-Resource Section | Cagayan State University - Carig Library | 158.1 M664m 2019 |